000 00627nam a2200229Ia 4500
003 OSt
005 20220923230705.0
006 a|||||r|||| 00| 0
007 ta
008 Pun
024 _a304,790
037 _cTextual
040 _aARTS
_cARTS
_bPun
041 _2Pun
_aPun
082 _aV246.N7, 153M5
100 _aਭੰਵਰ, ਹਰਬੀਰ ਸਿੰਘ
_9156315
245 0 _aਡਾਇਰੀ ਦੇ ਪੰਨੇ
260 _c1985
650 _aਭਾਰਤੀਯ ਇਤਿਹਾਸ
942 _hV246.N7, 153M5
_cTEXL
_2CC
999 _c386597
_d386597